| Tag |
First Indicator |
Second Indicator |
Subfields |
| LEADER |
00000cam a2200000 4500 |
| 001 |
in00003864521 |
| 005 |
20190415191041.0 |
| 006 |
m o d |
| 007 |
cr |n||||||||n |
| 008 |
950921s1765 enk|||| o 00||||eng c |
| 035 |
|
|
|a (CU-RivES)T226053
|
| 035 |
|
|
|a (Uk-ES)006320445
|
| 035 |
|
|
|a (OCoLC)510725901
|
| 040 |
|
|
|a Uk-ES
|c Uk-ES
|d CStRLIN
|d Cengage Gale
|d UtOrBLW
|
| 100 |
1 |
|
|a Holmes, C.,
|d active 18th century.
|0 http://id.loc.gov/authorities/names/n88097713
|
| 245 |
1 |
4 |
|a The treatise of the theory, construction, and improvement of the harbors and inland navigation of Great-Britain, deduced from self-evident principles; most humbly addressed to His Majesty. By C. Holmes, surveyor and engineer.
|
| 264 |
|
1 |
|a [London] :
|b [publisher not identified],
|c [1765?]
|
| 300 |
|
|
|a 1 online resource (1 sheet)
|
| 336 |
|
|
|a text
|b txt
|2 rdacontent
|
| 337 |
|
|
|a computer
|b c
|2 rdamedia
|
| 338 |
|
|
|a online resource
|b cr
|2 rdacarrier
|
| 500 |
|
|
|a An advertisement on the progress of the treatise.
|
| 500 |
|
|
|a The text contains a blank to be completed in MS.
|
| 500 |
|
|
|a The work as a whole was apparently never published but an 'Extract from the manuscript of The theory, construction, and improvement of the harbours and inland navigation of Great-Britainches .. from part fourth' was published in London in 1767.
|
| 510 |
4 |
|
|a English Short Title Catalog,
|c T226053.
|
| 500 |
|
|
|a Reproduction of original from British Library.
|
| 500 |
|
|
|a Electronic resource.
|
| 650 |
|
0 |
|a Treaties
|z Great Britain
|v Early works to 1800.
|
| 650 |
|
0 |
|a Advertising
|z Great Britain
|v Early works to 1800.
|
| 655 |
|
7 |
|a Electronic books.
|2 local
|
| 655 |
|
7 |
|a Advertisements.
|2 rbgenr
|
| 710 |
2 |
|
|a Gale (Firm)
|0 http://id.loc.gov/authorities/names/no2008071348
|
| 752 |
|
|
|a Great Britain
|b England
|d London.
|
| 856 |
4 |
0 |
|u http://proxy.library.tamu.edu/login?url=http://find.galegroup.com/ecco/infomark.do?contentSet=ECCOArticles&docType=ECCOArticles&bookId=1484502000&type=getFullCitation&tabID=T001&prodId=ECCO&docLevel=TEXT_GRAPHICS&version=1.0&source=library&userGroupName=txshracd2898
|z Connect to the full text of this electronic book
|t 0
|
| 999 |
f |
f |
|s c8c122ae-8565-3a3c-a19d-79f6e7d70291
|i 71842e3d-71ea-3845-b88a-298ebae8ff6d
|t 0
|
| 952 |
f |
f |
|a Texas A&M University
|b College Station
|c Electronic Resources
|d Available Online
|t 0
|h No information provided
|
| 998 |
f |
f |
|t 0
|l Available Online
|